Leading efevtively lãnh đạo hiệu quả
Αποθηκεύτηκε σε:
| Κύριος συγγραφέας: | |
|---|---|
| Μορφή: | Βιβλίο |
| Γλώσσα: | Undetermined |
| Έκδοση: |
Thành phố Hồ Chí Minh
Tổng hợp Thành phố Hồ Chí Minh
2004
|
| Θέματα: | |
| Ετικέτες: |
Προσθήκη ετικέτας
Δεν υπάρχουν, Καταχωρήστε ετικέτα πρώτοι!
|
| Thư viện lưu trữ: | Trung tâm Học liệu Trường Đại học Cần Thơ |
|---|
| LEADER | 00635nam a2200193Ia 4500 | ||
|---|---|---|---|
| 001 | CTU_74246 | ||
| 008 | 210402s9999 xx 000 0 und d | ||
| 020 | |b 24000 | ||
| 082 | |a 658.4092 | ||
| 082 | |b H477 | ||
| 100 | |a Heller, Robert | ||
| 245 | 0 | |a Leading efevtively lãnh đạo hiệu quả | |
| 245 | 0 | |c Robert Helle r; Lê Ngọc Phương Anh ( dịch ) | |
| 260 | |a Thành phố Hồ Chí Minh | ||
| 260 | |b Tổng hợp Thành phố Hồ Chí Minh | ||
| 260 | |c 2004 | ||
| 650 | |a Executives,Organizational behavior | ||
| 904 | |i Năm, QHieu | ||
| 980 | |a Trung tâm Học liệu Trường Đại học Cần Thơ | ||